ბათუმის შოთა რუსთაველის სახელმწიფო უნივერსიტეტის ბიბლიოთეკა

Основные процесы и аппараты химической технологии. (ბიბ.ჩანაწერი № 49444)

000 -LEADER
fixed length control field 00853nam a2200265Ia 4500
001 - CONTROL NUMBER
control field 16367
003 - CONTROL NUMBER IDENTIFIER
control field GE_BSU
008 - FIXED-LENGTH DATA ELEMENTS--GENERAL INFORMATION
fixed length control field 181216s||||||||xx |||||||||||||| ||und||
020 ## - INTERNATIONAL STANDARD BOOK NUMBER
International Standard Book Number 9785458257039
040 ## - CATALOGING SOURCE
Transcribing agency GE_BSU
100 ## - MAIN ENTRY--PERSONAL NAME
Personal name Касаткин,А.Г.
245 ## - TITLE STATEMENT
Title Основные процесы и аппараты химической технологии.
245 ## - TITLE STATEMENT
Statement of responsibility, etc. Ред.М.М.Ратманский.худ,н,в,носов
250 ## - EDITION STATEMENT
Edition statement издание десятое
260 ## - PUBLICATION, DISTRIBUTION, ETC.
Place of publication, distribution, etc. Москва
260 ## - PUBLICATION, DISTRIBUTION, ETC.
Name of publisher, distributor, etc. книга по требанию
260 ## - PUBLICATION, DISTRIBUTION, ETC.
Date of publication, distribution, etc. 1973
300 ## - PHYSICAL DESCRIPTION
Extent 752 стр. 28см.
300 ## - PHYSICAL DESCRIPTION
Dimensions 5табл 470 рис
653 ## - INDEX TERM--UNCONTROLLED
Uncontrolled term Основные процесы и аппараты химической технологии.
653 ## - INDEX TERM--UNCONTROLLED
Uncontrolled term химия
653 ## - INDEX TERM--UNCONTROLLED
Uncontrolled term ქიმია
942 ## - ADDED ENTRY ELEMENTS (KOHA)
Koha item type წიგნი
ეგზემპლარები
Withdrawn status Lost status Damaged status Not for loan Date acquired Barcode Date last seen Price effective from Koha item type
        2018-12-17 40338 2018-12-17 2018-12-17 წიგნი